000 00485nam a2200181Ia 4500
008 230524s9999 xx 000 0 und d
020 _a9788177582802
082 _a621.382
_bBUR
100 _aJochen Burkhardt
245 0 _aPervasive Computing :Technology & Architecture of Mobile : Internet Applications
250 _a1ST
260 _aNEW DELHI
_bPearson
_c2006
300 _aXI;427
500 _aQuantity Number: 162
650 _aComp-Sc
700 _a etal.
942 _cBK
999 _c33774
_d33774